| 000 | 00727nam a22002175i 4500 | ||
|---|---|---|---|
| 001 | 177220 | ||
| 003 | ES-MaACL | ||
| 005 | 20230906220259.0 | ||
| 008 | 110309s1958 sp o |||| | spa d | ||
| 080 | _a726.71(460.251 Guadalupe) | ||
| 100 | 1 |
_aCallejo, Carlos. _9145506 |
|
| 245 | 1 | 3 |
_aEl monasterio de Guadalupe / _cpor Carlos Callejo. |
| 260 |
_aMadrid : _bPlus-Ultra, _cimp. 1958. |
||
| 300 |
_a158 p. : _bfot. bl. y n. ; _c22 cm. |
||
| 490 | 1 |
_aLos monumentos cardinales de España ; _v21 |
|
| 504 | _aBibliografía: p. 157-158. | ||
| 610 | 2 | 4 |
_aMonasterio de Guadalupe. _9145507 |
| 830 | 0 |
_aLos monumentos cardinales de España ; _v21 _9190368 |
|
| 852 |
_aES-MaACL _jE-14634 _xOlim P-1021 |
||
| 999 |
_c177220 _d177220 |
||